Estatísticas para Candidatos 1º turno eleições 2022

Clique aqui para jogar o quiz

Estatísticas Gerais

  • Esse quiz foi jogado 90 vezes
  • A pontuação média é 9 de 11

Estatísticas das Respostas

NúmeroCandidato% Correto
13Lula
100%
22Bolsonaro
99%
12Ciro Gomes
99%
15Simone
96%
14Padre Kelmon
90%
44Soraya
90%
30Felipe D'Avila
70%
80Leo
61%
27Eymael
57%
16Vera
51%
21Sofia
41%

Distribuição das Pontuações

Percentil de Números Respondidos

Porcentagem de Pessoas com Cada Pontuação

Sua Pontuação Histórica

Você não jogou esse quiz